=LDR 00000nam 2200000 4500 =001 INLIS000000000020938 =005 20130612115838 =008 ***********************************Ind** =035 ##$$0010-061300000020938 =041 ##$$a Ind =082 ##$$a 959.8 =090 ##$$a 959.8, Rah a =100 ##$$a Rahim, George Mc Turnan =245 ##$$a Nasionalisme dan revolusi di Indonesia, George McTurnan Kahin =260 ##$$a [19...?] $b Jakarta =300 ##$$a xxiii, 608 hlm, 25 cm =650 ##$$a Indonesia-Sejarah-Revolusi =850 ##$$a NBPNMAT =990 ##$$a 0001/BPAP-NTB/2016